Statistiques concernant Ils sont nés un 18 juin

Cliquez ici pour prendre le quiz!

Statistiques générales

  • Ce quiz a été pris 45 fois
  • Le résultat moyen est 5 sur 9

Statistiques - réponses

Réponse% Correct
Jamel Debbouze
88%
Paul McCartney
72%
Margarita Louis-Dreyfus
63%
Victor Lanoux
58%
Julie Depardieu
51%
Richard Gasquet
51%
Roger Lemerre
51%
Bernard Giraudeau
42%
Fabio Capello
33%

Distribution des résultats

Percentile par nombre de réponses

% des personnes avec chaque résultat

Votre développement - résultats

Vous n’avez pas pris ce quiz